Sociologues par paradigmes - Statistiques

Statistiques générales
  • Ce quiz a été pris 130 fois
  • Le résultat moyen est 4 sur 13
Statistiques - réponses
Hint Réponse % Correct
Holisme méthodologique Émile Durkheim
68%
Explication compréhensive Max Weber
62%
Individualisme méthodologique Raymond Boudon
42%
Constructivisme structuraliste Pierre Bourdieu
37%
Interactionnisme symbolique Howard Becker
30%
Féminisme matérialiste Christine Delphy
28%
Fonctionnalisme systémique Talcott Parson
26%
Fonctionnalisme relativisé Robert Merton
23%
Ethnométhodologie Harold Garfinkel
22%
Sociologie des configurations Norbert Elias
22%
Sociologie pragmatique Luc Boltanski
16%
Constructivisme Thomas Luckmann
8%
Phénoménologie sociologique Alfred Schütz
5%
Aucun quiz correspondant
Distribution des résultats
% des personnes avec chaque résultat
Percentile par nombre de réponses
Votre historique - résultats
Vous n’avez pas pris ce quiz